000
00331nam a2200145Ia 4500
008
230312s9999||||xx |||||||||||||| ||und||
020
_a
9788131713839
082
_a
621.38
_b
EDD-R
100
_a
Edde, Byron
245
0
_a
Radar
260
_b
Pearson Education
_a
India
_c
2007
546
_a
Eng.
650
_a
Engineering
942
_c
BK
999
_c
6189
_d
6189